000 00435nam a2200157 a 4500
005 20140412111240.0
008 010424s19uu xx 00 eng d
020 _a0-394-89071-X
050 _aTR(PS E
_bWh56 1987
245 _aWhere's baby? /
_cillustrated by Toni Scribner.
260 _aNew York :
_bRandom House,
_c1987.
300 _a1 v. (unp.) ; ill.
440 _aA Peek-a-Book Book
650 _aPeek-a-boo
999 _c102683
_d102683